00421nam a22001457a 4500003000200000005001700002008004100019020002200060050002000082245004400102260004100146300003800187500002500225650002500250020230922120255.0230922b xxu||||| |||| 00| 0 eng d a978-0-72328-196-2 aPZ 5b.M34 2012 aLadybird tales : the magic porridge pot aLondonbLadybird Books Ltd. cc2012. a42 pages :bcol. ill. ; c20 cm.  aChildren's stories.  aChildren's stories.